A geography of the European Union : a regional and economic perspective

Αποθηκεύτηκε σε:
Λεπτομέρειες βιβλιογραφικής εγγραφής
Κύριος συγγραφέας: Nagle, Garrett
Άλλοι συγγραφείς: Spencer, Kris
Μορφή: Βιβλίο
Γλώσσα:English
Δημοσίευση: Oxford : Oxford University Press, 1996
Θέματα:
Ετικέτες: Προσθήκη ετικέτας
Δεν υπάρχουν, Καταχωρήστε ετικέτα πρώτοι!

MARC

LEADER 00000pam a2200000 i 4500
001 1/85376
008 990701s1996 eng d
020 |a 0199146551 
035 |l 10051823 
040 |a GR-MY-UA  |b gre  |e aacr 
041 0 |a eng 
082 0 |a 341.2422 
100 1 |a Nagle, Garrett. 
245 1 2 |a A geography of the European Union :  |b a regional and economic perspective /  |c Garrett Nagle and Kris Spencer 
260 |a Oxford :   |b Oxford University Press,   |c 1996 
300 |a iv, 155 p.;  |b ill, col. maps;  |c 25 cm. 
650 0 0 |a Regionalism  |z European Union countries. 
651 0 |a European Union countries  |x Economic conditions. 
700 1 |a Spencer, Kris. 
852 |a INST  |b LESVOS  |e 19990701  |h 341.2422 NAG  |p 005100024039  |q 005100024039  |t BK  |y 0 
901 |a BIBL1-2000-2 
909 |a Λ  |b 062831 
922 |a 1ΕΛΗ  |b 199812  |c ΚΠΣ/ΤΓ  |d LEADER 
950 |a 118-1998-10-19 
970 |z 2000/04/ΜΙΧΑΗΛΙΔΟΥ ΑΝΝΑ